Statistiques concernant 15 principaux pays touchés par Covid-19 - 14 juillet 2021

Cliquez ici pour prendre le quiz!

Statistiques générales

  • Ce quiz a été pris 31 fois
  • Le résultat moyen est 14 sur 28

Statistiques - réponses

pays% Correct
Etats-Unis
100%
France
100%
Italie
100%
Allemagne
92%
Espagne
92%
Royaume-Uni
84%
Brésil
80%
Russie
80%
Inde
76%
Portugal
68%
Suède
64%
Argentine
52%
Belgique
48%
Colombie
48%
Pologne
44%
Turquie
44%
Indonésie
40%
Pays-Bas
40%
Iran
32%
Israël
20%
Uruguay
20%
Tchèquie
12%
Lituanie
8%
Slovénie
8%
Estonie
4%
Bahreïn
0%
Géorgie
0%
Panama
0%

Distribution des résultats

Percentile par nombre de réponses

% des personnes avec chaque résultat

Votre développement - résultats

Vous n’avez pas pris ce quiz